XVI Conferencia Iberoamericana de Sistemas de Información Geográfica : memoria : 27 al 29 de septiembre de 2017, Cuenca, Ecuador.

Detalles Bibliográficos
Autor Corporativo: Conferencia Iberoamericana de Sistemas de Información Geográfica Cuenca, Ecuador
Formato: Electrónico Procedimiento de la Conferencia eBook
Lenguaje:español
Publicado: Cuenca, Ecuador : Universidad del Azuay Casa Editora, [2017]
Materias:
Acceso en línea:Digitalia Hispánica

MARC

LEADER 00000nam a2200000 i 4500
001 DIGUAZUAY0024
003 NyNyDIG
007 cr |||||||||||
008 240219s2017 ec a ob 000 0 spa d
006 m o d
035 |a (OCoLC)1423251466 
040 |a DGITA  |b eng  |e rda  |e pn  |c DGITA 
020 |a 9789978325872  |q eBook 
020 |z 9789978325865 
043 |a cl----- 
050 1 4 |a G70.215.L29 ebook 
111 2 |a Conferencia Iberoamericana de Sistemas de Información Geográfica  |n (16th :  |d 2017 :  |c Cuenca, Ecuador),  |j author. 
245 1 0 |a XVI Conferencia Iberoamericana de Sistemas de Información Geográfica :  |b memoria : 27 al 29 de septiembre de 2017, Cuenca, Ecuador. 
246 1 4 |a 16º CONFibSIG 
264 1 |a Cuenca, Ecuador :  |b Universidad del Azuay Casa Editora,  |c [2017] 
300 |a 1 online resource :  |b illustrations. 
336 |a text  |b txt  |2 rdacontent 
337 |a computer  |b c  |2 rdamedia 
338 |a online resource  |b cr  |2 rdacarrier 
347 |a text file  |2 rdaft 
347 |b PDF 
504 |a Includes bibliographical references. 
588 0 |a Online resource; title from PDF title page (Digitalia, viewed February 19, 2024) 
650 0 |a Geographic information systems  |z Latin America  |v Congresses. 
791 2 |a Digitalia (Firm),  |e distributor. 
793 0 |g Digitalia eBook Collection:  |a Universidad del Azuay 
776 0 8 |i Print version:  |a Conferencia Iberoamericana de Sistemas de Información Geográfica (16th : 2017 : Cuenca, Ecuador).  |t XVI Conferencia Iberoamericana de Sistemas de Información Geográfica.  |d Cuenca, Ecuador : Universidad del Azuay Casa Editora, [2017]  |z 9789978325865 
856 4 0 |3 Digitalia Hispánica  |u https://www.digitaliapublishing.com/a/133407/ 
910 |a Premium collection: 2024